Lo que ha de ser (Record no. 124772)

MARC details
000 -LEADER
campo de control de longitud fija 00773nam a2200229 i 4500
001 - NÚMERO DE CONTROL
campo de control 124772
003 - IDENTIFICADOR DE NÚMERO DE CONTROL
campo de control ES-MaACL
005 - FECHA Y HORA DE LA ÚLTIMA TRANSACCIÓN
campo de control 20230906192508.0
007 - CAMPO FIJO DE DESCRIPCIÓN FÍSICA--INFORMACIÓN GENERAL
campo de control de longitud fija t|
008 - DATOS DE LONGITUD FIJA--INFORMACIÓN GENERAL
campo de control de longitud fija 070418s1919 sp ||||1| spa d
080 ## - NÚMERO DE LA CLASIFICACIÓN DECIMAL UNIVERSAL
Número de la Clasificación Decimal Universal 821.134.2-23"19"
100 1# - ENTRADA PRINCIPAL--NOMBRE DE PERSONA
Nombre de persona Luca de Tena, Juan Ignacio,
Fechas asociadas al nombre 1897-1975
9 (RLIN) 74513
245 13 - MENCIÓN DEL TÍTULO
Título Lo que ha de ser
Resto del título : comedia en tres actos /
Mención de responsabilidad, etc. original de Juan Ignacio Luca de Tena.
260 ## - PUBLICACIÓN, DISTRIBUCIÓN, ETC.
Lugar de publicación, distribución, etc. [Madrid :
Nombre del editor, distribuidor, etc. La Novela Teatral,
Fecha de publicación, distribución, etc. 1919]
300 ## - DESCRIPCIÓN FÍSICA
Extensión 16 h. ;
Dimensiones 20 cm.
490 1# - MENCIÓN DE SERIE
Mención de serie La novela teatral ;
Designación de volumen o secuencia 126
500 ## - NOTA GENERAL
Nota general En la cub. caricatura J. Ignacio Luca de Tena por Tovar.
700 0# - ENTRADA AGREGADA--NOMBRE PERSONAL
Nombre de persona Tovar
Títulos y otros términos asociados al nombre , ilustrador.
9 (RLIN) 157378
830 0# - PUNTO DE ACCESO ADICIONAL DE SERIE-TÍTULO UNIFORME
Título uniforme La novela teatral ;
Designación de volumen o secuencia 126
9 (RLIN) 122427
852 ## - LOCALIZACIÓN
Ubicación ES-MaACL
Número de control de estantería 2215-F-14
Sublocalización o colección R.138733
Holdings
Estatus retirado Estado de pérdida Estado de daño No para préstamo Colección Biblioteca de origen Biblioteca actual Ubicación en estantería Fecha de adquisición Fuente de adquisición Total de préstamos Signatura topográfica completa Código de barras Visto por última vez Precio de reemplazo Tipo de ítem Koha
        Colección de folletos Biblioteca del Ateneo de Madrid Biblioteca del Ateneo de Madrid Depósito folletos 17/01/2008     2215-F-14 1130003 23/02/2023 23/02/2023 Folleto